To whom do schools belong: (Record no. 185993)

000 -LEADER
fixed length control field 00819 a2200169 4500
003 - CONTROL NUMBER IDENTIFIER
control field Nust
005 - DATE AND TIME OF LATEST TRANSACTION
control field 20230123100644.0
040 ## - CATALOGING SOURCE
Transcribing agency Nust
082 ## - DEWEY DECIMAL CLASSIFICATION NUMBER
Classification number 371,SMI
100 ## - MAIN ENTRY--PERSONAL NAME
Personal name W. O. Lester Smith
9 (RLIN) 107354
245 ## - TITLE STATEMENT
Title To whom do schools belong:
Remainder of title an introduction to the study of school government /
Statement of responsibility, etc. W.O.Lester Smith
260 ## - PUBLICATION, DISTRIBUTION, ETC.
Place of publication, distribution, etc. New York
Name of publisher, distributor, etc. Shakespeare head press
Date of publication, distribution, etc. 1945
300 ## - PHYSICAL DESCRIPTION
Extent 240,p:
505 ## - FORMATTED CONTENTS NOTE
Formatted contents note Introduction (Page-11), The Claim of the State (Page-25), The Educational Background of the English compromise (Page-25), Social and Administrative aspect of the comprise (Page-87), The Compromise extended to higher Education (Page-132), The School as a society and its relationship to the community (Page-158), Postscript (Page-175).
650 ## - SUBJECT ADDED ENTRY--TOPICAL TERM
Topical term or geographic name entry element To whom do schools belong
9 (RLIN) 107355
942 ## - ADDED ENTRY ELEMENTS (KOHA)
Source of classification or shelving scheme
Koha item type Book
Call number prefix 371,SMI
Holdings
Withdrawn status Lost status Source of classification or shelving scheme Damaged status Not for loan Permanent Location Current Location Shelving location Date acquired Full call number Barcode Date last seen Price effective from Koha item type Public note
          Military College of Signals (MCS) Military College of Signals (MCS) General Stacks 12/12/2016 371,SMI MCS30066 12/08/2016 12/12/2016 Book Almirah No.54, Shelf No.2
© 2023 Central Library, National University of Sciences and Technology. All Rights Reserved.